00938nmm a22001331i 450000100060000010000410000620000290004721000590007621500450013522500470018030000810022732702430030833002530055125086 a20120424u u u0frey50 ba1 aEspectáculo Bugs Bunny cLevoir, Marketing e Conteúdos Multimédia, SAd2006 d1 DVD (aprox. 52 minutos): color.; 19 cm2 aLooney Tunes & amigos - novas aventurasv4 aN.º de registo 6214/2006. - M/ 4 anos. - Publicado com o jornal Público  aContém os episódios: Isto é que é vida. - Videocoelho. - A lebre de ouro. - DuckDodgers e o regresso do século 24 e meio. - Uma herança irascível. - O coelho e o monstro. - Um coelho do outro mundo. - Bugs Bunny e Napoleão aSinopse: O Bugs Bunny pode ser fácilmente encontrado no bosque de ACME, na toca nº 1 a comer cenouras, o que ele mais gosta de fazer! Mas a sua maior ambição é mesmo que os momentos que passes com ele sejam os mais divertidos de sempre!!!